The long descent (Record no. 175377)
[ view plain ]
| 000 -LEADER | |
|---|---|
| fixed length control field | 01404nam a2200337 a 4500 |
| 100 1# - MAIN ENTRY--AUTHOR NAME | |
| Personal name | Greer, John Michael. |
| 245 14 - TITLE STATEMENT | |
| Title | The long descent |
| 260 ## - PUBLICATION, DISTRIBUTION, ETC. (IMPRINT) | |
| Place of publication | Gabriola Island, B.C. : |
| Name of publisher | New Society Publishers, |
| Year of publication | 2008. |
| 300 ## - PHYSICAL DESCRIPTION | |
| Number of Pages | xii, 259 p. ; |
| 650 #0 - SUBJECT ADDED ENTRY--TOPICAL TERM | |
| Topical Term | Regression (Civilization) |
| Topical Term | Twenty-first century |
| Topical Term | Social change |
| Topical Term | Technology and civilization |
| Topical Term | Social change |
| Topical Term | Technology |
| 856 40 - ELECTRONIC LOCATION AND ACCESS | |
| Uniform Resource Identifier | http://site.ebrary.com/lib/rucke/Doc?id=10308876 |
No items available.
